Book of Short Studies / (Record no. 3458)
[ view plain ]
| 000 -LEADER | |
|---|---|
| fixed length control field | 00269cam a2200109ua 4500 |
| 082 ## - DEWEY DECIMAL CLASSIFICATION NUMBER | |
| Classification number | 823.301 |
| Item number | BHA/BO |
| 100 ## - MAIN ENTRY--AUTHOR NAME | |
| Personal name | Bhattacharya, . |
| 245 ## - TITLE STATEMENT | |
| Title | Book of Short Studies / |
| 260 ## - PUBLICATION, DISTRIBUTION, ETC. (IMPRINT) | |
| Place of publication | Culcutta : |
| Name of publisher | Indian press pvt ltd , |
| Year of publication | 1970. |
| 300 ## - PHYSICAL DESCRIPTION | |
| Number of Pages | 148 ; . |
| 942 ## - ADDED ENTRY ELEMENTS (KOHA) | |
| Koha item type | Books |
| Withdrawn status | Lost status | Damaged status | Home library | Current library | Date acquired | Full call number | Accession Number | Koha item type |
|---|---|---|---|---|---|---|---|---|
| Withdrawn | KAUAET | Sanskrit University | 07/04/2012 | 823.301 | 13275 | Books |
